000
00338nam a2200157Ia 4500
100
_a
Balagurusamy/E
650
_a
Datatructures
942
_c
BK
366
_f
23
245
_a
Datastructures using C
260
_b
Tata Mc Graw hill Ltd.
_c
2013
082
_a
5.73
_b
BAL
300
_a
315
546
_a
ENGLISH
_c
Computers
999
_c
30279
_d
30279